Zámky v Pardubickém kraji - Statistics

General Stats
  • This quiz has been taken 49 times
  • The average score is 6 of 16
Answer Stats
Okres Sloh Typ expozice # Objekt % Correct
Svitavy renesance prohlídkové okruhy L Litomyšl
93%
Pardubice renesance prohlídkové okruhy, muzeum P Pardubice
86%
Chrudim klasicismus prohlídkové okruhy S Slatiňany
69%
Ústí nad Orlicí rokoko prohlídkové okruhy N Nové Hrady
62%
Svitavy renesance prohlídkové okruhy M Moravská Třebová
41%
Ústí nad Orlicí baroko muzeum L Lanškroun
34%
Ústí nad Orlicí neoklasicismus muzeum CH Choceň
31%
Pardubice baroko prohlídkové okruhy CH Choltice
31%
Chrudim baroko muzeum CH Chrast
31%
Ústí nad Orlicí baroko muzeum L Letohrad/Kyšperk
28%
Chrudim renesance muzeum N Nasavrky
21%
Pardubice renesance prohlídkové okruhy K Kladruby nad Labem
14%
Pardubice lovecký zámeček muzeum R Ráby
14%
Svitavy renesance prohlídkové okruhy J Jaroměřice
7%
Chrudim baroko příležitostně L Lukavice
0%
Pardubice rokoko zřícenina N Neulust
0%
No matching quizzes found
Score Distribution
Percent of People with Each Score
Percentile by Number Answered
Your Score History
You have not taken this quiz